| 000 | 00456cab a22001815a 4500 | ||
|---|---|---|---|
| 001 | L157944 | ||
| 008 | 130731e xxk 000 0 eng d | ||
| 035 | _a(Sirsi) u157944 | ||
| 041 | 0 | _aeng | |
| 100 | 1 | _aBranson, Adam | |
| 245 | 0 | 0 | _a2025 Vision |
| 490 |
_aBuilding _v(278) 5 July 2013, 32-35(4) |
||
| 520 | _aReports on the findings of the Global Construction 2025 | ||
| 590 | _aKA | ||
| 651 | 4 | _aInternational | |
| 690 | _aCONSTRUCTION | ||
| 942 | _n0 | ||
| 999 |
_c84497 _d84497 |
||